<?xml version="1.0" encoding="UTF-8"?>
<collection xmlns="http://www.loc.gov/MARC21/slim">
 <record>
  <leader>02427nam a2200469 i 4500</leader>
  <controlfield tag="001">38969</controlfield>
  <controlfield tag="003">BD-DhAAL</controlfield>
  <controlfield tag="005">20220621114956.0</controlfield>
  <controlfield tag="008">220621t2018    nyua     b    001 0 eng d</controlfield>
  <datafield tag="999" ind1=" " ind2=" ">
   <subfield code="c">44408</subfield>
   <subfield code="d">44408</subfield>
  </datafield>
  <datafield tag="010" ind1=" " ind2=" ">
   <subfield code="a">  2017031869</subfield>
  </datafield>
  <datafield tag="020" ind1=" " ind2=" ">
   <subfield code="a">9781259584732 (hardcover)</subfield>
  </datafield>
  <datafield tag="020" ind1=" " ind2=" ">
   <subfield code="a">1259584739 (hardcover)</subfield>
  </datafield>
  <datafield tag="035" ind1=" " ind2=" ">
   <subfield code="a">(DNLM)101708739</subfield>
  </datafield>
  <datafield tag="040" ind1=" " ind2=" ">
   <subfield code="a">DNLM/DLC</subfield>
   <subfield code="c">DLC</subfield>
   <subfield code="e">rda</subfield>
   <subfield code="d">DLC</subfield>
   <subfield code="d">BD-DhAAL</subfield>
  </datafield>
  <datafield tag="042" ind1=" " ind2=" ">
   <subfield code="a">pcc</subfield>
  </datafield>
  <datafield tag="050" ind1="0" ind2="0">
   <subfield code="a">RM300</subfield>
   <subfield code="b">.G644 2018</subfield>
  </datafield>
  <datafield tag="060" ind1="1" ind2="0">
   <subfield code="a">QV 4</subfield>
  </datafield>
  <datafield tag="082" ind1="0" ind2="0">
   <subfield code="a">615.7</subfield>
   <subfield code="2">23</subfield>
  </datafield>
  <datafield tag="245" ind1="0" ind2="0">
   <subfield code="a">Goodman &amp; Gilman's the pharmacological basis of therapeutics /</subfield>
   <subfield code="c">editor in chief, Laurence L. Brunton ;  editors, Randa Hilal-Dandan, Björn C. Knollmann.</subfield>
  </datafield>
  <datafield tag="246" ind1="1" ind2=" ">
   <subfield code="a">Goodman and Gilman's the pharmacological basis of therapeutics</subfield>
  </datafield>
  <datafield tag="246" ind1="1" ind2=" ">
   <subfield code="a">Pharmacological basis of therapeutics</subfield>
  </datafield>
  <datafield tag="250" ind1=" " ind2=" ">
   <subfield code="a">Thirteenth edition.</subfield>
  </datafield>
  <datafield tag="264" ind1=" " ind2="1">
   <subfield code="a">New York :</subfield>
   <subfield code="b">McGraw Hill Medical,</subfield>
   <subfield code="c">c2018.</subfield>
  </datafield>
  <datafield tag="300" ind1=" " ind2=" ">
   <subfield code="a">xiii, 1419 pages :</subfield>
   <subfield code="b">color illustrations ;</subfield>
   <subfield code="c">29 cm.</subfield>
  </datafield>
  <datafield tag="504" ind1=" " ind2=" ">
   <subfield code="a">Includes bibliographical references and index.</subfield>
  </datafield>
  <datafield tag="526" ind1=" " ind2=" ">
   <subfield code="a">PHR</subfield>
  </datafield>
  <datafield tag="541" ind1=" " ind2=" ">
   <subfield code="a">Book Finder International</subfield>
   <subfield code="e">38969, 38970, 38971, 38972</subfield>
  </datafield>
  <datafield tag="650" ind1="1" ind2="2">
   <subfield code="a">Pharmacological Phenomena.</subfield>
   <subfield code="9">49527</subfield>
  </datafield>
  <datafield tag="650" ind1="2" ind2="2">
   <subfield code="a">Pharmaceutical Preparations.</subfield>
   <subfield code="9">49528</subfield>
  </datafield>
  <datafield tag="650" ind1="2" ind2="2">
   <subfield code="a">Pharmacokinetics.</subfield>
   <subfield code="9">49529</subfield>
  </datafield>
  <datafield tag="650" ind1="2" ind2="2">
   <subfield code="a">Drug Therapy.</subfield>
   <subfield code="9">49530</subfield>
  </datafield>
  <datafield tag="650" ind1="2" ind2="2">
   <subfield code="a">Pharmacy.</subfield>
   <subfield code="9">49531</subfield>
  </datafield>
  <datafield tag="700" ind1="1" ind2=" ">
   <subfield code="a">Brunton, Laurence L.,</subfield>
   <subfield code="e">editor.</subfield>
   <subfield code="9">49532</subfield>
  </datafield>
  <datafield tag="700" ind1="1" ind2=" ">
   <subfield code="a">Hilal-Dandan, Randa.,</subfield>
   <subfield code="e">editor.</subfield>
   <subfield code="9">49533</subfield>
  </datafield>
  <datafield tag="700" ind1="1" ind2=" ">
   <subfield code="a">Knollmann, Björn C.,</subfield>
   <subfield code="e">editor.</subfield>
   <subfield code="9">49534</subfield>
  </datafield>
  <datafield tag="852" ind1=" " ind2=" ">
   <subfield code="a">Ayesha Abed Library</subfield>
   <subfield code="c">General Stacks</subfield>
  </datafield>
  <datafield tag="942" ind1=" " ind2=" ">
   <subfield code="2">ddc</subfield>
   <subfield code="c">BK</subfield>
  </datafield>
  <datafield tag="952" ind1=" " ind2=" ">
   <subfield code="0">0</subfield>
   <subfield code="1">0</subfield>
   <subfield code="2">ddc</subfield>
   <subfield code="4">0</subfield>
   <subfield code="6">615_700000000000000_GOO</subfield>
   <subfield code="7">0</subfield>
   <subfield code="9">71045</subfield>
   <subfield code="a">BRACUL</subfield>
   <subfield code="b">BRACUL</subfield>
   <subfield code="c">GEN</subfield>
   <subfield code="d">2022-06-19</subfield>
   <subfield code="e">Book Finder International</subfield>
   <subfield code="g">10640.31</subfield>
   <subfield code="l">3</subfield>
   <subfield code="m">22</subfield>
   <subfield code="o">615.7 GOO</subfield>
   <subfield code="p">3010038969</subfield>
   <subfield code="r">2024-04-18</subfield>
   <subfield code="s">2024-01-31</subfield>
   <subfield code="t">1</subfield>
   <subfield code="v">10640.31</subfield>
   <subfield code="w">2022-06-19</subfield>
   <subfield code="y">BK</subfield>
  </datafield>
  <datafield tag="952" ind1=" " ind2=" ">
   <subfield code="0">0</subfield>
   <subfield code="1">0</subfield>
   <subfield code="2">ddc</subfield>
   <subfield code="4">0</subfield>
   <subfield code="6">615_700000000000000_GOO</subfield>
   <subfield code="7">0</subfield>
   <subfield code="9">71046</subfield>
   <subfield code="a">BRACUL</subfield>
   <subfield code="b">BRACUL</subfield>
   <subfield code="c">GEN</subfield>
   <subfield code="d">2022-06-19</subfield>
   <subfield code="e">Book Finder International</subfield>
   <subfield code="g">10640.31</subfield>
   <subfield code="l">1</subfield>
   <subfield code="m">21</subfield>
   <subfield code="o">615.7 GOO</subfield>
   <subfield code="p">3010038970</subfield>
   <subfield code="r">2023-12-17</subfield>
   <subfield code="s">2023-07-31</subfield>
   <subfield code="t">2</subfield>
   <subfield code="v">10640.31</subfield>
   <subfield code="w">2022-06-19</subfield>
   <subfield code="y">BK</subfield>
  </datafield>
  <datafield tag="952" ind1=" " ind2=" ">
   <subfield code="0">0</subfield>
   <subfield code="1">0</subfield>
   <subfield code="2">ddc</subfield>
   <subfield code="4">0</subfield>
   <subfield code="6">615_700000000000000_GOO</subfield>
   <subfield code="7">0</subfield>
   <subfield code="9">71047</subfield>
   <subfield code="a">BRACUL</subfield>
   <subfield code="b">BRACUL</subfield>
   <subfield code="c">GEN</subfield>
   <subfield code="d">2022-06-19</subfield>
   <subfield code="e">Book Finder International</subfield>
   <subfield code="g">10640.31</subfield>
   <subfield code="l">2</subfield>
   <subfield code="m">40</subfield>
   <subfield code="o">615.7 GOO</subfield>
   <subfield code="p">3010038971</subfield>
   <subfield code="q">2026-05-21</subfield>
   <subfield code="r">2026-02-19</subfield>
   <subfield code="s">2026-02-19</subfield>
   <subfield code="t">3</subfield>
   <subfield code="v">10640.31</subfield>
   <subfield code="w">2022-06-19</subfield>
   <subfield code="y">BK</subfield>
  </datafield>
  <datafield tag="952" ind1=" " ind2=" ">
   <subfield code="0">0</subfield>
   <subfield code="1">0</subfield>
   <subfield code="2">ddc</subfield>
   <subfield code="4">0</subfield>
   <subfield code="6">615_700000000000000_GOO</subfield>
   <subfield code="7">0</subfield>
   <subfield code="9">71048</subfield>
   <subfield code="a">BRACUL</subfield>
   <subfield code="b">BRACUL</subfield>
   <subfield code="c">GEN</subfield>
   <subfield code="d">2022-06-19</subfield>
   <subfield code="e">Book Finder International</subfield>
   <subfield code="g">10640.31</subfield>
   <subfield code="l">3</subfield>
   <subfield code="m">32</subfield>
   <subfield code="o">615.7 GOO</subfield>
   <subfield code="p">3010038972</subfield>
   <subfield code="q">2026-06-02</subfield>
   <subfield code="r">2026-02-02</subfield>
   <subfield code="s">2026-02-02</subfield>
   <subfield code="t">4</subfield>
   <subfield code="v">10640.31</subfield>
   <subfield code="w">2022-06-19</subfield>
   <subfield code="y">BK</subfield>
  </datafield>
 </record>
</collection>
